| 000 | 01489nam a2200337 i 4500 | ||
|---|---|---|---|
| 001 | 000046760 | ||
| 003 | DO-SdBNP | ||
| 005 | 20240313073820.0 | ||
| 007 | ta | ||
| 008 | 180322s2015 dr 000 p spa d | ||
| 020 | _a9789945590340 | ||
| 040 |
_aDO-SdBNP _bspa _cBNPHU _erda |
||
| 082 | 4 |
_bB533e _222 |
|
| 111 | 2 |
_aPremio Funglode de Ensayo Pedro Francisco Bonó _d(2014 : _cSanto Domingo) _974715 |
|
| 245 | 1 | 3 |
_aEl poder de la técnica y otros ensayos / _cFernando Berroa, Ángel Palacio, Melania Pérez ; ilustraciones, Paolat De la Cruz |
| 264 |
_aSanto Domingo : _bFUNGLODE, _c2015. |
||
| 300 |
_a186 páginas _c23 cm. |
||
| 336 |
_2rdacontent _atexto _btxt |
||
| 337 |
_2rdamedia _asin mediación _bn |
||
| 338 |
_2rdacarrier _avolumen _bnc |
||
| 490 |
_aFunglode/GFDD 2014 _aEnsayo |
||
| 505 | 0 |
_aPrimer lugar-- _tEl poder de la técnica. La estructura narrativa de la novela Sólo cenizas hallarás (bolero)-- _rFernando Berroa -- _tIntroducción-- _gSegundo lugar-- _tLa filosofía, ¿qué es y para qué sirve? / _rÁngel P. Palacio T. -- _gTercer lugar-- _tEl discurso, una herramienta de poder / _rMelania Pérez. |
|
| 586 | _a"Premio Funglode de Ensayo Pedro Francisco Bonó 2014." | ||
| 590 | _aInventariado, 2018 /LP | ||
| 700 | 1 |
_aBerroa, Fernando _974716 |
|
| 700 | 1 |
_aPalacio T., Ángel P. _974717 |
|
| 700 | 1 |
_aPérez, Melania _974718 |
|
| 700 | 1 | _eilustracionesCruz, Paolat De la, | |
| 710 | 2 |
_aFundación Global Democracía y Desarrollo _925477 |
|
| 942 |
_2ddc _cLBS1 |
||
| 999 |
_c46249 _d46249 |
||